Statistics for Chain Geography #3

Click here to take the quiz!

General Stats

  • This quiz has been taken 49 times
  • The average score is 8 of 10

Answer Stats

HintAnswer% Correct
US State with capital of Little RockArkansas
85%
Country to the north of LatviaEstonia
85%
Capital of Saudi ArabiaRiyadh
83%
Most populous city in VietnamHo Chi Minh City
81%
Biggest lake in North AmericaLake Superior
81%
US State with capital of TrentonNew Jersey
79%
Peninsula in Southeast MexicoYucatan
79%
City in JapanYokohama
66%
Largest county in EnglandYorkshire
62%
Most populous city in KazakhstanAlmaty
55%

Score Distribution

Percentile by Number Answered

Percent of People with Each Score

Your Score History

You have not taken this quiz